00719nam a2200217Ia 4500008004100000020001500041082002200056100004000078245006000118250001800178260002300196260000900219300001000228500000800238650001700246650003500263650003300298942001500331999001700346952013800363260428s9999 xx 000 0 und d a9801210842 a341 O49i 2005 HNA aOllarves Irazábal, Jesús935802 0aIus cogens en el derecho internacional contemporáneo. a1a. edición bCaracas, Venezuela c2005 a538p. aHNA aDerecho9126 aDerecho Contemporáneo935803 aDerecho internacional 91740 cLIBRO2ddc c20441d20441 00102ddc40708REFaBCbBCd2025-08-30eDonación Humberto Nogueiral0o341 O49i 2005 HNAp27559r2026-05-08t1w2026-05-08yLIBRO